| 000 | 00000nas 2200000za 4500 |
| 001 | 9.504197 |
| 003 | CaOODSP |
| 005 | 20230209141936 |
| 007 | cr ||||||||||| |
| 008 | 150406d19992005xxc|| p o||||f| |0fre|d |
| 040 | |aCaOODSP|bfre |
| 043 | |an-cn--- |
| 086 | 1 |aEn81-22F-PDF |
| 110 | 1 |aCanada. |bEnvironnement Canada. |
| 245 | 10|aRéponse du Canada aux recommandations du ... rapport biennal sur la qualité de l'eau dans les Grands Lacs de la Commission mixte internationale. |
| 264 | 1|aOttawa, Ontario : |bEnvironnement Canada |
| 310 | |aBiennal |
| 362 | 1 |a1999-[2005]. |
| 691 | 07|aQualité de l'eau|2gcpds |
| 775 | 08|tCanada's response to the recommendations in the ... biennial report on Great Lakes water quality of the International Joint Commission.|w(CaOODSP)9.507817 |